000 00644nam a2200301Ia 4500
005 20260127113218.0
008 008 260114s9999 xx 000 0 eng d
020 _a9780815722908
037 _aTextbook
040 _aPSDL
040 _beng
040 _cPSDL
041 _2eng
041 _aeng
084 _aV41 Q2
084 _qPSDL
100 _aWeifand He
_91110953
245 0 _aIn the name of justice
245 0 _cWeifand He
260 _aWashington
260 _bBrookings
260 _c2012
300 _a270
942 _cTB
942 _hV41 Q2
999 _c1677125
_d1677125